| 000 | 00834nam a2200205Ia 4500 | ||
|---|---|---|---|
| 999 |
_c53227 _d53227 |
||
| 001 | 20268 | ||
| 003 | GE_BSU | ||
| 005 | 20200729213953.0 | ||
| 008 | 181216s1959||||ge |||||||||||||| ||geo|| | ||
| 040 | _cGE_BSU | ||
| 041 | _ageo | ||
| 082 | _a811.353.1(058) მ-80 | ||
| 245 |
_aხელნაწერთა ინსტიტუტის მოამბე ტ. 1 / _cრედ. ი. აბულაძე. |
||
| 264 |
_aთბილისი : _bსსსრ მეცნ. აკად. გამ-ბა და სტ., _c1959. |
||
| 300 | _a265 გვ. 26 სმ. | ||
| 541 | _h3 ლ. | ||
| 653 | _aხელნაწერთა ინსტიტუტის მოამბე | ||
| 710 |
_aსაქართველოს სსრ მეცნიერებათა აკადემია _99080 |
||
| 942 |
_cBK _2udc |
||